00505nam a2200169 a 450000100100000000500170001000800410002702000150006804000250008308200190010810000330012724500590016026000540021930000200027365000190029365000230031200002222720200930011635.0100920s2006 dr 000 f spa d a9945855123 aDO-SdBNPbspacBNPHU aCh863.4bB276n1 aBarrios, Eduardo,d1884-196313aEl niño que enloqueció de amor /cEduardo Barrios. aSantiago de los Caballeros :bEdiciones D,c2006. a68 p. ;c17 cm. 4aNovela chilena 4aLiteratura chilena